| 000 | 00995nam0a22002411i 4500 | ||
|---|---|---|---|
| 001 | rc\755274 | ||
| 005 | 20240725232850.0 | ||
| 035 | _a(NLR Aleph) 006283363 | ||
| 090 |
_a7073099 _c7073099 |
||
| 100 | _a20040301d1985 u |0rusy50 ca | ||
| 101 | 0 | _arus | |
| 102 | _aRU | ||
| 105 | _ay ||||||||| | ||
| 200 | 1 |
_aСовершенствование планирования и учета научно-технических мероприятий _e(На прим. предприятий машиностроения) _eАвтореф. дис. на соиск. учен. степ. канд. экон. наук _e(08.00.21) |
|
| 210 |
_aДонецк _d1985 |
||
| 215 | _a16 с. | ||
| 300 | _aВ надзаг.: АН УССР, Ин-т экономики пром-сти | ||
| 320 | _aБиблиогр.: с. 16 (7 назв.) | ||
| 700 | 1 |
_aКацура _bО.К. _gОльга Константиновна |
|
| 801 | 0 |
_aRU _bNLR _gpsbo |
|
| 801 | 1 |
_aRU _bELAR _2rusmarc |
|
| 852 |
_aNLR _j87-4/5672 |
||
| 942 | _cBOOK | ||